[Event "Medellin Aristizabal Cup"]
[Site "Medellin"]
[Date "2016.05.22"]
[Round "7"]
[White "Laverde, Luis Eduardo"]
[Black "Miranda, Jorge"]
[Result "1-0"]
[WhiteElo "2117"]
[BlackElo "1977"]
[PlyCount "81"]
[EventDate "2016.05.18"]
[EventType "swiss"]
[EventRounds "7"]
[EventCountry "COL"]
[SourceTitle "CBM 172 Extra"]
[Source "ChessBase"]
[SourceDate "2016.06.21"]
[SourceVersion "1"]
[SourceVersionDate "2016.06.21"]
[SourceQuality "1"]

1. e4 c5 2. Nf3 Nc6 3. Bb5 e6 4. 0-0 Nge7 5. Re1 a6 6. Bf1 d5 7. exd5 Nxd5 8. d4 cxd4 9. Nxd4 Be7 10. Nxc6 bxc6 11. c4 Nf6 12. Qc2 0-0 13. Nc3 c5 14. Bf4 Bb7 15. Rad1 Qc8 16. Bd6 Bxd6 17. Rxd6 Qc7 18. Rd2 Ng4 19. g3 Nf6 20. Bg2 Bxg2 21. Kxg2 Rfd8 22. Red1 h6 23. f3 Rab8 24. b3 Kf8 25. Ne4 Nxe4 26. Qxe4 Rd5 27. Rd3 Rdd8 28. R3d2 Rxd2+ 29. Rxd2 Ke7 30. h4 Rb6 31. Kh3 f5 32. Qe3 Kf6 33. f4 Kf7 34. h5 a5 35. Qd3 a4 36. bxa4 Rb4 37. g4 Qc6 38. gxf5 Rxc4 39. Qxc4 Qh1+ 40. Rh2 Qf3+ 41. Kh4 1-0

[Event "Medellin Aristizabal Cup"]
[Site "Medellin"]
[Date "2016.05.21"]
[Round "4"]
[White "Miranda, Jorge"]
[Black "Leon Acevedo, Juan Alejandro"]
[Result "1-0"]
[WhiteElo "1977"]
[BlackElo "1570"]
[PlyCount "43"]
[EventDate "2016.05.18"]
[EventType "swiss"]
[EventRounds "7"]
[EventCountry "COL"]
[SourceTitle "CBM 172 Extra"]
[Source "ChessBase"]
[SourceDate "2016.06.21"]
[SourceVersion "1"]
[SourceVersionDate "2016.06.21"]
[SourceQuality "1"]

1. e4 c5 2. Nf3 d6 3. d4 cxd4 4. Nxd4 Nf6 5. Nc3 a6 6. Be2 e5 7. Nb3 Be6 8. 0-0 Be7 9. Kh1 0-0 10. f4 Qc7 11. f5 Bc4 12. Bg5 Bxe2 13. Qxe2 Nc6 14. Rad1 Rad8 15. Bxf6 Bxf6 16. Nd5 Qd7 17. Qg4 Kh8 18. Rd3 Rg8 19. Rh3 Rge8 20. Nxf6 gxf6 21. Rxh7+ Kxh7 22. Rf3 1-0

[Event "Medellin Easter op"]
[Site "Medellin"]
[Date "2010.04.04"]
[Round "8"]
[White "Miranda, Jorge"]
[Black "Marin, Hernan Mauricio"]
[Result "1-0"]
[WhiteElo "1912"]
[BlackElo "1866"]
[PlyCount "43"]
[EventDate "2010.03.31"]
[EventType "swiss"]
[EventRounds "9"]
[EventCountry "COL"]
[SourceTitle "CBM 135 Extra"]
[Source "ChessBase"]
[SourceDate "2010.05.04"]
[SourceVersion "1"]
[SourceVersionDate "2010.05.04"]
[SourceQuality "1"]

1. e4 e5 2. Nf3 d6 3. d4 exd4 4. Nxd4 Bd7 5. Nc3 Nc6 6. Bf4 Nf6 7. Qd2 Be7 8. 0-0-0 Ng4 9. f3 Nxd4 10. Qxd4 Bf6 11. Qd2 Ne5 12. Kb1 Bc6 13. Be2 Qe7 14. Nd5 Bxd5 15. Qxd5 0-0-0 16. Qa5 Kb8 17. Be3 b6 18. Qa3 Nd7 19. Rd5 Ne5 20. f4 Ng6 21. Rhd1 h5 22. Bb5 1-0

[Event "Medellin Easter op"]
[Site "Medellin"]
[Date "2010.04.04"]
[Round "9"]
[White "Reyes Rios, Juan Camilo"]
[Black "Miranda, Jorge"]
[Result "0-1"]
[WhiteElo "1985"]
[BlackElo "1912"]
[PlyCount "31"]
[EventDate "2010.03.31"]
[EventType "swiss"]
[EventRounds "9"]
[EventCountry "COL"]
[SourceTitle "CBM 135 Extra"]
[Source "ChessBase"]
[SourceDate "2010.05.04"]
[SourceVersion "1"]
[SourceVersionDate "2010.05.04"]
[SourceQuality "1"]

1. e4 c5 2. d4 cxd4 3. c3 Nf6 4. e5 Nd5 5. cxd4 Nc6 6. Nc3 Nxc3 7. bxc3 d5 8. Bd3 g6 9. Ne2 Bg7 10. 0-0 0-0 11. f4 Bg4 12. a4 Bxe2 13. Qxe2 e6 14. Ba3 Re8 15. Bd6 Qa5 16. Qb2 0-1

[Event "Medellin Easter op"]
[Site "Medellin"]
[Date "2010.04.03"]
[Round "7"]
[White "Chirivi Castiblanco, Jenny Astrid"]
[Black "Miranda, Jorge"]
[Result "1-0"]
[WhiteElo "2195"]
[BlackElo "1912"]
[PlyCount "59"]
[EventDate "2010.03.31"]
[EventType "swiss"]
[EventRounds "9"]
[EventCountry "COL"]
[SourceTitle "CBM 135 Extra"]
[Source "ChessBase"]
[SourceDate "2010.05.04"]
[SourceVersion "1"]
[SourceVersionDate "2010.05.04"]
[SourceQuality "1"]

1. d4 d5 2. c4 c6 3. Nc3 Nf6 4. e3 g6 5. b3 Bg7 6. Bb2 0-0 7. Bd3 e6 8. Nge2 Nbd7 9. 0-0 Re8 10. Rc1 dxc4 11. bxc4 e5 12. d5 e4 13. Bb1 Nb6 14. Na4 cxd5 15. Nxb6 axb6 16. Ng3 Bf5 17. Bxf6 Qxf6 18. cxd5 Bf8 19. Qb3 Bc5 20. Rxc5 bxc5 21. f3 exf3 22. Nxf5 f2+ 23. Rxf2 gxf5 24. Bxf5 Qa1+ 25. Rf1 Qxa2 26. Qxb7 Ra7 27. Qc6 Rxe3 28. Qh6 Qd2 29. Bxh7+ Kh8 30. Bg6+ 1-0

[Event "Medellin Easter op"]
[Site "Medellin"]
[Date "2010.04.01"]
[Round "3"]
[White "Arenas Vanegas, David"]
[Black "Miranda, Jorge"]
[Result "1-0"]
[WhiteElo "2266"]
[BlackElo "1912"]
[PlyCount "115"]
[EventDate "2010.03.31"]
[EventType "swiss"]
[EventRounds "9"]
[EventCountry "COL"]
[SourceTitle "CBM 135 Extra"]
[Source "ChessBase"]
[SourceDate "2010.05.04"]
[SourceVersion "1"]
[SourceVersionDate "2010.05.04"]
[SourceQuality "1"]

1. e4 c5 2. d4 cxd4 3. c3 Nf6 4. e5 Nd5 5. Nf3 Nc6 6. Bc4 Nb6 7. Bb3 e6 8. cxd4 d6 9. exd6 Bxd6 10. 0-0 0-0 11. Nc3 Nb4 12. Ne4 Be7 13. Qe2 Bd7 14. Ne5 Rc8 15. a3 N4d5 16. f4 Ba4 17. Ba2 Nf6 18. Ng5 Qxd4+ 19. Be3 Bb5 20. Qf2 Qa4 21. Ngxf7 Nbd5 22. Rfc1 Rxc1+ 23. Rxc1 Rxf7 24. Nxf7 Kxf7 25. f5 Qe4 26. fxe6+ Qxe6 27. Re1 Bc6 28. Bxa7 Qd6 29. b4 Qd7 30. Rd1 Kg8 31. Bd4 Qg4 32. Qf1 Kh8 33. h3 Qg5 34. b5 Ne3 35. bxc6 Nxf1 36. c7 Qf5 37. Rc1 Qc8 38. Be6 Qxe6 39. c8Q+ Qxc8 40. Rxc8+ Ng8 41. Kxf1 Bxa3 42. Rc7 Be7 43. Rxb7 Bf6 44. Bxf6 Nxf6 45. Rb8+ Ng8 46. Kf2 h6 47. Kf3 Kh7 48. Kf4 Nf6 49. Rd8 Ng8 50. h4 Nf6 51. g4 Ng8 52. Rd6 Ne7 53. h5 Ng8 54. Kf5 Ne7+ 55. Ke6 Ng8 56. Kf7 Nf6 57. Rxf6 gxf6 58. Kxf6 1-0